Handbuch der Strategien 220 Konzepte der weltbesten Vordenker

Gespeichert in:
Bibliographische Detailangaben
1. Verfasser: Scheuss, Ralph
Format: Buch
Sprache:Deutsch
Veröffentlicht: Frankfurt am Main Campus Verlag 2008
Schlagworte:
Tags: Tag hinzufügen
Keine Tags, Fügen Sie das erste Tag hinzu!

MARC

LEADER 00000nam$a2200000$$$4500
001 0100515
005 20221207101102.3
020 |a 978-3-593-38712-3 
041 0 |a ger 
044 |a DE 
245 1 0 |a Handbuch der Strategien  |b 220 Konzepte der weltbesten Vordenker  |c Ralph Scheuss 
264 1 |a Frankfurt am Main  |b Campus Verlag  |c 2008 
300 |a 408 s. 
610 2 0 |a stratégia inovačná 
610 2 0 |a stratégia marketingová 
610 2 0 |a stratégia podniková 
100 1 |a Scheuss, Ralph